Coastal Capitals of America - Statistics

General Stats
  • This quiz has been taken 74 times
  • The average score is 12 of 19
Answer Stats
Hint Answer % Correct
The Canal Panama City
89%
Bob Marley Kingston
88%
Pirates' port Kingstown
88%
Classic cars Havana
86%
Vibrant voodoo Port-au-Prince
78%
Tango's birthplace Buenos Aires
77%
Rihanna's home Bridgetown
70%
First city Santo Domingo
67%
Wooden cathedral Georgetown
66%
Atlantis resort Nassau
59%
Carnival capital Port of Spain
59%
Mate city Montevideo
58%
City of kings Lima
56%
Dutch heritage Paramaribo
55%
The pitons Castries
53%
Spice isle St. George's
53%
Nelson's dockyard St. John's
50%
Nature isle Roseau
47%
Sugar city Basseterre
45%
No matching quizzes found
Score Distribution
Percent of People with Each Score
Percentile by Number Answered
Your Score History
You have not taken this quiz